Music Quiz

Random Music or Song Quiz

Reggaeton Artists To Their Songs Quiz Stats

Quiz not verified by Sporcle

Challenge
Share
Tweet
Embed
Score 0/34 Timer 09:00
0 Plays Today
Songs Artist(s) % Correct
Temblor, Pose, Descontrol, Lo Que Paso PasoDaddy Yankee
93.3%
Reggaeton Latino, Hasta Abajo, Angelito, HookahDon Omar
87.8%
Titere, Pam Pam, Sexy Movimiento, Te SientoWisin Y Yandel
81.1%
Pepe, Esta Noche, Mi Cama Huele A Ti, CaileTito El Bambino
68.5%
Mala Conducta, 5 Letras, Tiburon, SuperheroeAlexis Y Fido
62.6%
Guatauba, Frikitona, Tumba, SolosPlan B
60.2%
Agresivo, Sorpresa, Mi FanaticaArcangel
58.3%
Drama, La Vida Es Asi, Que Lloren, Te He Querido Te He LloradoIvy Queen
55.1%
Metele Sazon, Pegaito A La Pared, Guasa Guasa, Ni Fu Ni FaTego Calderon
54.3%
Tango De Pecado, Cumbia De Los AburridosCalle 13
53.1%
Nena Fichu, El Tiempo Corre Y Corre, Te Ire A Buscar, Web CamFarruko
50.4%
Permitame, No Pierdas Tiempo, QuizasTony Dize
49.6%
Hay Algo En Ti, Baila Conmigo, Una Cita, Zion Y Lennox
48%
Rumor De Guerra, Noche De Travesura, Hola Bebe, Boom Bye ByeHector El Father
45.7%
Primero Bailalo, Un Poko Loka, Agresivo II, GuayeteoJowell Y Randy
45.7%
Ese Mahon, Es Dificil, Chica MalaDe La Ghetto
44.5%
Con Swing, Sal Del Callejon, He Querido Quererte, TomaFranco El Gorila
37.8%
Songs Artist(s) % Correct
Cierra Los Ojos Bien, Tiemblo, Ella Se ContadiceBaby Rasta Y Gringo
36.6%
Desahogo, 5 De Septiembre, SentimientoVico C
35%
Julito Marana, Ponmela, Chulin-Culin-CunflyVoltio
33.9%
Dejala Caer To' El Peso, Descara, No Vaya A LlorarYomo
33.1%
Si La Ves, Down, Mas Dias Sin TiR.K.M Y Ken-Y
32.7%
Vamos Perros, La Vecina, Tu Me Pones MalAngel Y Khriz
31.5%
Motivate Al Baile, Detras De Ti, El Amor Se Fue, VermeBaby Ranks
28.7%
El Caserio Esta Caliente, Aguantalo, Que Quieres De MiNengo Flow
25.2%
Nena Chula, Block Party, Veo VeoYaga Y Mackie
24.4%
Esa Nena, Hoy Me Atrevo, Mundo Artificial, Sexo Na MaNejo Y Dalmata
24%
Tra Tra Tra, La Conspiracion, Chezidon, Quien Soy YoDon Chezina
21.7%
Psychos, EL Duro, Te Envidian, RIP MunequitaKendo Kaponi
21.3%
Mi Imaginacion, Que Tu Dices, Sendo Cohete, Perreo SolidoGuelo Star
20.5%
Muevelo, Son Bow, Rica Y ApretaditaEl General
19.3%
Presion, Gata Psycho, Hace TiempoWibal Y Alex
18.1%
Muerte, Desahogo, No Te Equivoques, Llego El _____Chyno Nyno
13.8%
Easy, Plaka Plaka, Vamos A DarleConscuella
12.2%

You're not logged in!

Compare scores with friends on all Sporcle quizzes.
Join for Free
OR
Log In

You Might Also Like...

Show Comments

Extras

Top Quizzes Today


Score Distribution

Your Account Isn't Verified!

In order to create a playlist on Sporcle, you need to verify the email address you used during registration. Go to your Sporcle Settings to finish the process.

Report this User

Report this user for behavior that violates our Community Guidelines.

Details: